=LDR 00000nam 2200000 4500 =001 INLIS000000000015305 =005 20130612110602 =008 ***********************************Ind** =035 ##$$0010-061300000015305 =041 ##$$a Ind =082 ##$$a 635.966 =090 ##$$a 635.966, RIS-b =100 ##$$a Rismunandar =245 ##$$a Budidaya Bunga Potong, Rismunandar =260 ##$$a 1992 $b Jakarta =300 ##$$a IX, 63 hlm 164-165 =650 ##$$a Bunga-Budi daya =850 ##$$a NBPNMAT